Movies Quiz

Random Movies Quiz

Movies by Scene II Quiz Stats

 Plays Quiz Updated Oct 26, 2017

Score 0/20 Timer 06:00
7 Plays Today
% Correct
E.T.: The Extra-Terrestrial
97.5%
Spider-Man
96.3%
The Mask
92.7%
Up
92.4%
Kill Bill: Vol. 1
90.4%
Cast Away
87.4%
Independence Day
84.1%
Ghostbusters
83.8%
Dumb and Dumber
82%
Nightmare Before Christmas
81.4%
% Correct
Singin' In The Rain
79.1%
Slumdog Millionaire
74.6%
Romeo + Juliet
67.1%
The Neverending Story
61.8%
Reservoir Dogs
56.8%
The Departed
55%
Airplane!
51%
Amadeus
44.3%
Annie Hall
37.8%
My Fair Lady
32.4%

You're not logged in!

Compare scores with friends on all Sporcle quizzes.
OR
Log In

Sporcle TV

Today on Sporcle TV


Watch our educational content, quiz creation guides, and fun videos on Sporcle TV.

Show Comments

Extras

Top Quizzes Today


Score Distribution

Your Account Isn't Verified!

In order to create a playlist on Sporcle, you need to verify the email address you used during registration. Go to your Sporcle Settings to finish the process.

Report this User

Report this user for behavior that violates our Community Guidelines.

Details: